The British Marxist historians : an introductory analysis

Αποθηκεύτηκε σε:
Λεπτομέρειες βιβλιογραφικής εγγραφής
Κύριος συγγραφέας: Kaye, Harvey J.
Μορφή: Βιβλίο
Γλώσσα:English
Δημοσίευση: New York : St. Martins Press, c1995
Θέματα:
Ετικέτες: Προσθήκη ετικέτας
Δεν υπάρχουν, Καταχωρήστε ετικέτα πρώτοι!

MARC

LEADER 00000nam a2200000 i 4500
001 1/3079
008 000516s1995 eng d
020 |a 0312126689 
035 |l 10060670 
040 |a GR-MY-UA  |b gre  |e aacr 
041 0 |a eng 
082 0 |a 335.4072041 
100 1 |a Kaye, Harvey J. 
245 1 4 |a The British Marxist historians :  |b an introductory analysis /  |c Harvey J. Kaye 
260 |a New York :   |b St. Martins Press,   |c c1995 
300 |a 316 p. 
504 |a Includes bibliographical references and index 
650 0 0 |a Economic history  |x Historiography. 
650 0 0 |a Historical materialism. 
650 0 0 |a Marxian historiography  |z Great Britain. 
852 |a INST  |b LESVOS  |e 20000516  |h 335.4072041 KAY  |p 005100026299  |q 005100026299  |t BK  |y 0 
901 |a BIBL1-2000-2 
909 |a Λ  |b 078054 
922 |a 1ΕΛΗ  |b 200005  |c ΚΠΣ/ΤΚΑ  |d ΠΑΠΑΣΩΤΗΡΙΟΥ 
950 |a 117-1999-11-26 
970 |a ΤΖΑΦΕΡΗ  |b ΕΥΑΓΓΕΛΙΑ  |z 2000/05/18